000 00552nam a22001817a 4500
999 _c526111
_d526111
003 NUST
020 _a9698452119
038 _aZafar Malik
082 _a891.4291
_bMAY
100 _aMayhesar, Shah Nawaz
_917074
245 _aShujaat Kay Taray Watan Kay Sipahi (Part-1) \
_cShah Nawaz Mayhesar
260 _aIslamabad :
_bThe Books ;
_c2004.
300 _a202 p. ;
500 _aHardcover
880 _6100-02\r
_aشاہنواز مہیسر
880 _6245-02\r
_a(شجاعت کے تارے وطن کے سپاہی (حصہ اول
942 _2ddc
_cBK